Hijo de ladrón

Sparad:
Bibliografiska uppgifter
Huvudupphovsman: Rojas, Manuel (Författare, medförfattare)
Materialtyp: Bok
Språk:spanska
Publicerad: Santiago Zig-Zag 2010
Upplaga:44a. ed
Serie:Obras Escogidas
Ämnen:
Taggar: Lägg till en tagg
Inga taggar, Lägg till första taggen!

MARC

LEADER 00000cam a2200000 a 4500
001 UCG9459
003 CL-VaPUC
008 120316e20100500CL |||||||||||||||||spa|d
020 |a 9561216760 
082 0 4 |a Ch863  |b ROJ  |2 21 
100 0 |a Rojas, Manuel  |e author  |9 313776 
245 1 0 |a Hijo de ladrón 
250 |a 44a. ed 
300 |a 286 p 
942 |c BK 
945 |d 20120316 00:00:00  |a dcastane 
260 |a Santiago  |b Zig-Zag  |c 2010 
650 0 |a Novelas chilenas   |9 265425 
650 0 |a Literatura chilena   |9 308278 
583 |a last modification  |c 20120316 11:38:00  |k Rodrigo Vera 
490 0 |a Obras Escogidas 
999 |c 347011  |d 347009